| Поле | Название | Значение |
| |
Тип записи |
a |
| |
Библиографический уровень |
m |
| 001 |
Контрольный номер |
RU/URAIT/585180 |
| 005 |
Дата корректировки |
20260429163656.2 |
| 008 |
Кодируемые данные |
260429s2026 RU y f j 000 0 rus u |
| 020 |
Индекс ISBN |
__ |
| a |
ISBN |
978-5-534-17665-0 |
| c |
Цена, тираж |
1879.00 |
| 040 |
Источник каталогиз. |
__ |
| a |
Служба первич. каталог. |
ИКО Юрайт |
| c |
Служба, преобразующая запись |
ИКО Юрайт |
| e |
Правила каталог. |
RCR |
| 041 |
Код языка издания |
__ |
| a |
Код языка текста |
rus |
| 044 |
Код страны публикации |
__ |
| a |
Код страны публикации |
RU |
| 080 |
Индекс УДК |
__ |
| a |
Индекс УДК |
621.31(075.8) |
| 084 |
Индекс другой классификации/Индекс ББК |
__ |
| 2 |
Источник индекса |
rubbk |
| a |
Индекс другой классификации/Индекс ББК |
31.2я73 |
| 100 |
Автор |
__ |
| a |
Автор |
Шичков Л. П. |
| q |
Полное имя |
Шичков Леонид Петрович |
| 245 |
Заглавие |
__ |
| a |
Заглавие |
Электрический привод |
| b |
Продолж. заглавия |
учебник и практикум для вузов |
| c |
Ответственность |
Л. П. Шичков. |
| 250 |
Сведения об издании |
__ |
| g |
|
пер. и доп |
| a |
Основные сведения об издании |
3-е изд. |
| 256 |
Характеристики компьютерного файла |
__ |
| a |
Характеристики компьютерного файла |
Электрон. дан. |
| 260 |
Выходные данные |
__ |
| a |
Место издания |
Москва |
| b |
Издательство |
Юрайт |
| c |
Дата издания |
2026 |
| 300 |
Физическое описание |
__ |
| a |
Объем |
355 с |
| 440 |
Серия |
__ |
| a |
Серия |
Высшее образование |
| 500 |
Примечания |
__ |
| a |
Примечание |
URL: https://urait.ru/bcode/585180 (дата обращения: 29.04.2026). |
| 520 |
Аннотация |
__ |
| a |
Аннотация |
В учебнике даны основные сведения о современном электроприводе, электромеханических свойствах электродвигателей в составе электропривода, способах и средствах управления и регулирования координат и оценке переходных процессов электроприводов. Рассмотрены нагрев и расчет мощности двигателя в системе электропривода. Изложен материал по автоматизации, оценке эффективности работы и методике выбора электропривода. Описаны и рассмотрены особенности электропривода, используемого в сельском хозяйстве. Соответствует актуальным требованиям федерального государственного образовательного стандарта высшего образования. Для студентов высших учебных заведений, обучающихся по инженерно-техническим и аграрным направлениям. |
| 538 |
Прим. о системных особенностях |
__ |
| a |
Прим. о системных особенностях |
Режим доступа: Электронно-библиотечная система Юрайт, для авториз. пользователей |
| 653 |
Ключевые слова |
__ |
| a |
Ключевые слова |
Энергетика |
| 653 |
Ключевые слова |
__ |
| a |
Ключевые слова |
Технические науки |
| 653 |
Ключевые слова |
__ |
| a |
Ключевые слова |
Электрические машины |
| 653 |
Ключевые слова |
__ |
| a |
Ключевые слова |
Электрические машины и электропривод |
| 653 |
Ключевые слова |
__ |
| a |
Ключевые слова |
Электропривод |
| 653 |
Ключевые слова |
__ |
| a |
Ключевые слова |
Электропривод и электрооборудование |
| 653 |
Ключевые слова |
__ |
| a |
Ключевые слова |
Электрический привод |
| 653 |
Ключевые слова |
__ |
| a |
Ключевые слова |
Электрические машины и электроприводы |
| 653 |
Ключевые слова |
__ |
| a |
Ключевые слова |
Автоматизированный электропривод сельскохозяйственных установок |
| 653 |
Ключевые слова |
__ |
| a |
Ключевые слова |
Общий курс электропривода |
| 653 |
Ключевые слова |
__ |
| a |
Ключевые слова |
Электрические машины (Общий курс) |
| 653 |
Ключевые слова |
__ |
| a |
Ключевые слова |
Мобильные энергетические средства |
| 653 |
Ключевые слова |
__ |
| a |
Ключевые слова |
Расчет мобильных энергетических средств |
| 653 |
Ключевые слова |
__ |
| a |
Ключевые слова |
Энергосберегающий электропривод |
| 653 |
Ключевые слова |
__ |
| a |
Ключевые слова |
Асинхронный электропривод |
| 653 |
Ключевые слова |
__ |
| a |
Ключевые слова |
Современная Концепция создания мобильных энергетических средств |
| 653 |
Ключевые слова |
__ |
| a |
Ключевые слова |
Современный автоматизированный Электропривод |
| 653 |
Ключевые слова |
__ |
| a |
Ключевые слова |
Проектирование деревообрабатывающих машин |
| 653 |
Ключевые слова |
__ |
| a |
Ключевые слова |
Механика электропривода |
| 653 |
Ключевые слова |
__ |
| a |
Ключевые слова |
Основы электропривода |
| 653 |
Ключевые слова |
__ |
| a |
Ключевые слова |
Электрооборудование и электропривод |
| 653 |
Ключевые слова |
__ |
| a |
Ключевые слова |
Теоретические основы электропривода |
| 653 |
Ключевые слова |
__ |
| a |
Ключевые слова |
Теория мобильных энергетических средств |
| 653 |
Ключевые слова |
__ |
| a |
Ключевые слова |
Управление электроприводами |
| 653 |
Ключевые слова |
__ |
| a |
Ключевые слова |
Высокоточные следящие электроприводы |
| 653 |
Ключевые слова |
__ |
| a |
Ключевые слова |
Высокоточные следящие электроприводы: проектное обучение |
| 653 |
Ключевые слова |
__ |
| a |
Ключевые слова |
Комплектные приводы и комбинированные системы приводов |
| 653 |
Ключевые слова |
__ |
| a |
Ключевые слова |
Электроснабжение и электрооборудование систем электропривода |
| 653 |
Ключевые слова |
__ |
| a |
Ключевые слова |
Электронные системы мобильных машин |
| 653 |
Ключевые слова |
__ |
| a |
Ключевые слова |
Основы теории мобильных энергетических средств |
| 653 |
Ключевые слова |
__ |
| a |
Ключевые слова |
Особенности конструкции и технического сервиса приводов |
| 653 |
Ключевые слова |
__ |
| a |
Ключевые слова |
Повышение эффективности использования мобильных энергетических средств |
| 653 |
Ключевые слова |
__ |
| a |
Ключевые слова |
Современные электронные системы мобильных энергетических средств |
| 653 |
Ключевые слова |
__ |
| a |
Ключевые слова |
Эксплуатационные свойства мобильных энергетических средств |
| 653 |
Ключевые слова |
__ |
| a |
Ключевые слова |
Электронные системы мобильных энергетических средств |
| 653 |
Ключевые слова |
__ |
| a |
Ключевые слова |
Вентильный электропривод |
| 653 |
Ключевые слова |
__ |
| a |
Ключевые слова |
Проектирование следящих приводов комплексов управляемого вооружения |
| 653 |
Ключевые слова |
__ |
| a |
Ключевые слова |
Следящий электропривод мехатронных систем |
| 653 |
Ключевые слова |
__ |
| a |
Ключевые слова |
Математическое моделирование при проектировании и испытаниях деревообрабатывающих машин и оборудования |
| 653 |
Ключевые слова |
__ |
| a |
Ключевые слова |
Следящий электропривод |
| 653 |
Ключевые слова |
__ |
| a |
Ключевые слова |
Обработка древесины на малогабаритном электрооборудовании |
| 653 |
Ключевые слова |
__ |
| a |
Ключевые слова |
Электропривод и электротехнологии |
| 653 |
Ключевые слова |
__ |
| a |
Ключевые слова |
Современные технологии обучения в области технологических процессов, машин и оборудования деревоперерабатывающих производств |
| 653 |
Ключевые слова |
__ |
| a |
Ключевые слова |
Технологические процессы, машины и оборудование тепловых процессов деревоперерабатывающих производств |
| 653 |
Ключевые слова |
__ |
| a |
Ключевые слова |
Основы расчета мобильных энергетических средств |
| 653 |
Ключевые слова |
__ |
| a |
Ключевые слова |
Теоретические основы электропривод |
| 653 |
Ключевые слова |
__ |
| a |
Ключевые слова |
Энергосбережение в системах электропривода |
| 653 |
Ключевые слова |
__ |
| a |
Ключевые слова |
Тяговый электропривод |
| 856 |
Электронный адрес документа |
40 |
| n |
Местонахождение сервера |
Юрайт |
| g |
|
Электронная книга |
| q |
Тип электронного формата |
html |
| h |
Имя пользователя |
ЮРАЙТ |
| v |
Часы доступа к ресурсу |
20271231 |
| 2 |
Способ доступа |
Показать документ |
| x |
Служебное примечание |
https://urait.ru/book/cover/BF331F15-D8B1-44F7-9E5F-C1BA72B77593 |
| u |
URL |
https://urait.ru/bcode/585180 |
| 856 |
Электронный адрес документа |
48 |
| q |
Тип электронного формата |
cover |
| u |
URL |
https://urait.ru/book/cover/BF331F15-D8B1-44F7-9E5F-C1BA72B77593 |
| 911 |
|
__ |
| u |
|
0030=https://urait.ru/bcode/585180 |
| 911 |
|
__ |
| u |
|
073a=9785534176650 |
| u |
|
073d=1879.00 |
| 911 |
|
__ |
| u |
|
106a=s |
| 911 |
|
__ |
| u |
|
900l= |
| 952 |
Тип литературы |
__ |
| i |
Дисциплина |
Электрические машины |
| 952 |
Тип литературы |
__ |
| i |
Дисциплина |
Электрические машины и электропривод |
| 952 |
Тип литературы |
__ |
| i |
Дисциплина |
Электропривод |
| 952 |
Тип литературы |
__ |
| i |
Дисциплина |
Электропривод и электрооборудование |
| 952 |
Тип литературы |
__ |
| i |
Дисциплина |
Электрический привод |
| 952 |
Тип литературы |
__ |
| i |
Дисциплина |
Электрические машины и электроприводы |
| 952 |
Тип литературы |
__ |
| i |
Дисциплина |
Автоматизированный электропривод сельскохозяйственных установок |
| 952 |
Тип литературы |
__ |
| i |
Дисциплина |
Общий курс электропривода |
| 952 |
Тип литературы |
__ |
| i |
Дисциплина |
Электрические машины (Общий курс) |
| 952 |
Тип литературы |
__ |
| i |
Дисциплина |
Мобильные энергетические средства |
| 952 |
Тип литературы |
__ |
| i |
Дисциплина |
Расчет мобильных энергетических средств |
| 952 |
Тип литературы |
__ |
| i |
Дисциплина |
Энергосберегающий электропривод |
| 952 |
Тип литературы |
__ |
| i |
Дисциплина |
Асинхронный электропривод |
| 952 |
Тип литературы |
__ |
| i |
Дисциплина |
Современная Концепция создания мобильных энергетических средств |
| 952 |
Тип литературы |
__ |
| i |
Дисциплина |
Современный автоматизированный Электропривод |
| 952 |
Тип литературы |
__ |
| i |
Дисциплина |
Проектирование деревообрабатывающих машин |
| 952 |
Тип литературы |
__ |
| i |
Дисциплина |
Механика электропривода |
| 952 |
Тип литературы |
__ |
| i |
Дисциплина |
Основы электропривода |
| 952 |
Тип литературы |
__ |
| i |
Дисциплина |
Электрооборудование и электропривод |
| 952 |
Тип литературы |
__ |
| i |
Дисциплина |
Теоретические основы электропривода |
| 952 |
Тип литературы |
__ |
| i |
Дисциплина |
Теория мобильных энергетических средств |
| 952 |
Тип литературы |
__ |
| i |
Дисциплина |
Управление электроприводами |
| 952 |
Тип литературы |
__ |
| i |
Дисциплина |
Высокоточные следящие электроприводы |
| 952 |
Тип литературы |
__ |
| i |
Дисциплина |
Высокоточные следящие электроприводы: проектное обучение |
| 952 |
Тип литературы |
__ |
| i |
Дисциплина |
Комплектные приводы и комбинированные системы приводов |
| 952 |
Тип литературы |
__ |
| i |
Дисциплина |
Электроснабжение и электрооборудование систем электропривода |
| 952 |
Тип литературы |
__ |
| i |
Дисциплина |
Электронные системы мобильных машин |
| 952 |
Тип литературы |
__ |
| i |
Дисциплина |
Основы теории мобильных энергетических средств |
| 952 |
Тип литературы |
__ |
| i |
Дисциплина |
Особенности конструкции и технического сервиса приводов |
| 952 |
Тип литературы |
__ |
| i |
Дисциплина |
Повышение эффективности использования мобильных энергетических средств |
| 952 |
Тип литературы |
__ |
| i |
Дисциплина |
Современные электронные системы мобильных энергетических средств |
| 952 |
Тип литературы |
__ |
| i |
Дисциплина |
Эксплуатационные свойства мобильных энергетических средств |
| 952 |
Тип литературы |
__ |
| i |
Дисциплина |
Электронные системы мобильных энергетических средств |
| 952 |
Тип литературы |
__ |
| i |
Дисциплина |
Вентильный электропривод |
| 952 |
Тип литературы |
__ |
| i |
Дисциплина |
Проектирование следящих приводов комплексов управляемого вооружения |
| 952 |
Тип литературы |
__ |
| i |
Дисциплина |
Следящий электропривод мехатронных систем |
| 952 |
Тип литературы |
__ |
| i |
Дисциплина |
Математическое моделирование при проектировании и испытаниях деревообрабатывающих машин и оборудования |
| 952 |
Тип литературы |
__ |
| i |
Дисциплина |
Следящий электропривод |
| 952 |
Тип литературы |
__ |
| i |
Дисциплина |
Обработка древесины на малогабаритном электрооборудовании |
| 952 |
Тип литературы |
__ |
| i |
Дисциплина |
Электропривод и электротехнологии |
| 952 |
Тип литературы |
__ |
| i |
Дисциплина |
Современные технологии обучения в области технологических процессов, машин и оборудования деревоперерабатывающих производств |
| 952 |
Тип литературы |
__ |
| i |
Дисциплина |
Технологические процессы, машины и оборудование тепловых процессов деревоперерабатывающих производств |
| 952 |
Тип литературы |
__ |
| i |
Дисциплина |
Основы расчета мобильных энергетических средств |
| 952 |
Тип литературы |
__ |
| i |
Дисциплина |
Теоретические основы электропривод |
| 952 |
Тип литературы |
__ |
| i |
Дисциплина |
Энергосбережение в системах электропривода |
| 952 |
Тип литературы |
__ |
| i |
Дисциплина |
Тяговый электропривод |